000 00576nam a22002177a 4500
005 20170124110113.0
010 _aA-023287
020 _c00.00
_a0709124457
035 _aA-023287
037 _bCen Lib/Ret
040 _aDPL
_bEN
082 _aN
_bCOU
100 _aCourt, Sharon
_929399
245 _aNurse in need /
_cby Sharon Court
260 _bRobert Hale & Company
_c1972
_aLondon
270 _a63 Old Brompton Road
_bLondon
300 _a191p.
_c18cm(Hb)
650 _aLarge type books
_929400
650 _aFiction--English
_923689
942 _2ddc
_cEN
_hN
_mCOU
999 _c130516
_d130516